000 00554nam a2200181Ia 4500
001 7670
005 20260306160512.0
008 260306t2011||||xx |||||||||||||| ||spa||
041 _aESP
082 _a353.88284
_bI59
100 _aInstituto Peruano de Evaluación, Acreditación y Certificación de la Calidad de la Educación Básica
_eAUT
245 0 _aBases para la acreditación de centros de educación básica alternativa
260 _c2011
300 _a168 páginas :
_c24 cm.
650 _aGEN
654 _aCAN
942 _cLIB
_dJUS
_fJUS
_2ddc
_n
999 _c7670
_d7670